अपने-अपने चक्रव्यूह / (Record no. 115995)

MARC details
000 -LEADER
fixed length control field 00985nam a22002537a 4500
005 - DATE AND TIME OF LATEST TRANSACTION
control field 20170124103032.0
010 ## - LIBRARY OF CONGRESS CONTROL NUMBER
LC control number A-972294
020 ## - INTERNATIONAL STANDARD BOOK NUMBER
Terms of availability 150.00
035 ## - SYSTEM CONTROL NUMBER
System control number A-972294
037 ## - SOURCE OF ACQUISITION
Source of stock number/acquisition Cen Lib/Ret
040 ## - CATALOGING SOURCE
Original cataloging agency DPL
Language of cataloging HN
082 ## - DEWEY DECIMAL CLASSIFICATION NUMBER
Classification number
Item number रामप्र
100 ## - MAIN ENTRY--PERSONAL NAME
Personal name रामप्रकाश
9 (RLIN) 64285
245 ## - TITLE STATEMENT
Title अपने-अपने चक्रव्यूह /
Statement of responsibility, etc रामप्रकाश
246 ## - VARYING FORM OF TITLE
Title proper/short title Apne-apne chakrvyuh /
Remainder of title by Ramprakash
260 ## - PUBLICATION, DISTRIBUTION, ETC. (IMPRINT)
Place of publication, distribution, etc दिल्ली
Name of publisher, distributor, etc अनिल प्रकाशन
Date of publication, distribution, etc 1998
270 ## - ADDRESS
Address 2619-20 न्यू मार्किट. नई सड़क
City दिल्ली
Postal code 110006
300 ## - PHYSICAL DESCRIPTION
Extent 172पृ.
Dimensions 21सेमी (सजिल्द)
650 ## - SUBJECT ADDED ENTRY--TOPICAL TERM
Topical term or geographic name as entry element हिन्दी -- साहित्य
9 (RLIN) 64286
650 ## - SUBJECT ADDED ENTRY--TOPICAL TERM
Topical term or geographic name as entry element हिन्दी -- उपन्यास
9 (RLIN) 64287
650 ## - SUBJECT ADDED ENTRY--TOPICAL TERM
Topical term or geographic name as entry element Hindi -- Literature
9 (RLIN) 64288
650 ## - SUBJECT ADDED ENTRY--TOPICAL TERM
Topical term or geographic name as entry element Hindi -- Fiction
9 (RLIN) 27248
942 ## - ADDED ENTRY ELEMENTS (KOHA)
Source of classification or shelving scheme Dewey Decimal Classification
Koha item type Hindi Books
Classification part
Call number suffix रामप्र
Holdings
Withdrawn status Lost status Damaged status Not for loan Home library Current library Date acquired Source of acquisition Cost, normal purchase price Total Checkouts Full call number Barcode Date last seen Copy number Cost, replacement price Price effective from Koha item type
        Central Library Central Library 22/08/2015 Cen Lib/Ret 150.00   उ रामप्र A-972294 22/08/2015 1 150.00 22/08/2015 Hindi Books

© Delhi Public Library
Hit Counter
free hit counter